| 000 | 008180000a22002410004500 | ||
|---|---|---|---|
| 003 | LK-CoMWRAF | ||
| 005 | 20240203125855.0 | ||
| 008 | 230817t1999 ||||| |||| 00| 0 eng d | ||
| 020 | _a0850925916 | ||
| 040 |
_aLK-CoMWRAF _dLK-CoMWRAF _eLK-CoMWRAF |
||
| 041 | _aeng | ||
| 082 |
_a305.3 _bCOM |
||
| 110 | _a Commonwealth Secretariat | ||
| 245 | _aA Quick Guide to the Gender Management System | ||
| 260 |
_aLondon: _bCommonwealth Secretariat, _c1999 |
||
| 300 |
_a56 p. _bBibliography and glossary included |
||
| 490 | _aGender Management System Series | ||
| 650 | _aEquality- Commonwealth countries | ||
| 650 | _aSex discrimination | ||
| 650 | _aWomen- Government policy- Commonwealth countries | ||
| 856 | _uhttps://www.thecommonwealth-ilibrary.org/index.php/comsec/catalog/view/470/470/4156 | ||
| 942 | _cBK | ||
| 999 |
_c263 _d263 |
||